000 01076cam a2200313 a 4500
001 15700496
003 GBCCL
005 20260421114140.0
008 090415s2009 enk b 001 0 eng
020 _a9780199557875
_qpbk. : alk. paper
035 _a15700496
040 _aDLC
_cDLC
_dDLC
082 0 0 _a232
_222
_bOCO 1
100 1 _aO'Collins, Gerald.
245 1 0 _aChristology :
_ba biblical, historical, and systematic study of Jesus /
_cGerald O'Collins.
250 _a2nd ed.
260 _aOxford ;
_aNew York :
_bOxford Univesity Press,
_c2009.
300 _axv, 385 p. ;
_c22 cm.
336 _atext
_btxt
_2rdacontent
337 _aunmediated
_bn
_2rdamedia
338 _avolume
_bnc
_2rdacarrier
504 _aIncludes bibliographical references (p. [359]-361) and indexes.
600 0 0 _aJesus Christ
_xPerson and offices.
600 0 0 _aJesus Christ
_xHistory of doctrines.
906 _a7
_bcbc
_corignew
_d2
_eepcn
_f20
_gy-gencatlg
942 _2ddc
_cBK
_n0
999 _c11188
_d11188